000 006450000a22001930004500
999 _c59860
_d59860
001 768714001
003 CO-MdFUSB
005 20170714161730.0
008 170714s1990 ag ||||| |||| 00| 0 spa d
022 _a0122-2996
040 _aCO-MdFUSB
_bspa
_cCO-MdFUSB
_dCO-MdFUSB
041 _aspa
100 1 _aCamargo López, Jesús
_eautor
245 1 0 _aLa dependencia económica de América Latina :
_bun enfoque evangélico
300 _aVolumen 22. Número 37 (1990), Páginas 7-30
_c22 cm.
546 _aTexto en español
773 0 _tBoletín Teológico
_049507
_961471
_gVolumen 22. Número 37 (1990), Páginas 7-30
_qPágina 7
942 _cANA